| 000 | 00782nam a2200205 i 4500 | ||
|---|---|---|---|
| 001 | 25930 | ||
| 003 | ES-MaACL | ||
| 005 | 20230906153345.0 | ||
| 007 | t| | ||
| 008 | 030103s1889 ag ||||1| spa d | ||
| 100 | 1 |
_aArnaud, Leopoldo. _923070 |
|
| 245 | 1 | 4 |
_aUna expedición por las regiones mineras del Norte de la República (Argentina) _b: impresiones de viaje / _cLeopoldo Arnaud. |
| 260 |
_aBuenos Aires : _b[s.n.], _c1889 ( _fEstab. Tip. El Censor) |
||
| 300 |
_a137 p. ; _c18 cm. |
||
| 530 | _aDisponible en formato digital. | ||
| 650 | 4 |
_aMinería- _zArgentina. _9159475 |
|
| 651 | 4 |
_aArgentina- _xDescripción. _97806 |
|
| 852 |
_aES-MaACL _jT-587-F-5 _z.- Ded. ms. del autor |
||
| 856 |
_uhttp://bdh-rd.bne.es/viewer.vm?id=0000175969&page=1 _zBiblioteca Digital Hispánica |
||
| 999 |
_c25930 _d25930 |
||